秋田県の戦前市制・町制 - Statistics

General Stats
  • This quiz has been taken 112 times
  • The average score is 40 of 57
Answer Stats
施行日 施行内容 所属郡 回答 % Correct
1889.04.01 市制 (市) 秋田市
100%
1889.04.01 町制 由利郡 本荘町
96%
1889.04.01 町制 北秋田郡 大館町
94%
1889.04.01 町制 仙北郡 角館町
94%
1889.04.01 町制 平鹿郡 横手町
94%
1889.04.01 町制 雄勝郡 湯沢町
94%
1891.07.09 町制 仙北郡 大曲町
94%
1896.09.30 町制 由利郡 象潟町
92%
1889.04.01 町制 鹿角郡 花輪町
90%
1900.06.05 町制 北秋田郡 鷹巣町
90%
1940.10.01 市制 (市) 能代市
90%
1896.01.18 町制 南秋田郡 五城目町
88%
1902.06.04 町制 由利郡 金浦町
87%
1914.05.12 町制 鹿角郡 小坂町
87%
1889.04.01 町制 由利郡 矢島町
85%
1889.04.01 町制 山本郡 能代港町
81%
1902.06.04 町制 山本郡 二ツ井町
79%
1922.10.01 町制 平鹿郡 十文字町
79%
1897.07.06 町制 雄勝郡 西馬音内町
73%
1889.04.01 町制 南秋田郡 土崎港町
71%
1897.01.21 町制 北秋田郡 阿仁合町
71%
1902.06.04 町制 雄勝郡 稲庭町
71%
1889.04.01 町制 鹿角郡 毛馬内町
69%
1889.04.01 町制 由利郡 亀田町
69%
1891.07.09 町制 仙北郡 六郷町
69%
1894.10.24 町制 南秋田郡 船川港町
67%
1895.01.09 町制 平鹿郡 増田町
67%
1932.09.30 町制 北秋田郡 花岡町
67%
1933.03.22 町制 雄勝郡 川連町
67%
1889.04.01 町制 山本郡 檜山町
65%
1895.07.19 町制 雄勝郡 院内町
65%
1896.06.01 町制 川辺町 新屋町
65%
1935.01.01 町制 川辺町 和田町
65%
1936.10.01 町制 鹿角郡 尾去沢町
65%
1895.08.30 町制 平鹿郡 浅舞町
63%
1897.08.31 町制 仙北郡 金沢町
63%
1928.11.01 町制 鹿角郡 大湯町
63%
1889.04.01 町制 北秋田郡 十二所町
62%
1895.07.19 町制 雄勝郡 横堀町
62%
1902.06.04 町制 仙北郡 神宮寺町
62%
1925.12.01 町制 南秋田郡 一日市町
62%
1932.01.01 町制 山本郡 鹿渡町
62%
1896.05.16 町制 川辺町 牛島町
60%
1896.06.15 町制 北秋田郡 扇田町
60%
1901.07.23 町制 平鹿郡 大森町
60%
1902.06.04 町制 南秋田郡 北浦町
60%
1922.10.01 町制 仙北郡 長野町
60%
1935.12.01 町制 南秋田郡 飯田川町
60%
1901.07.23 町制 仙北郡 刈和野町
58%
1902.06.04 町制 由利郡 平沢町
58%
1901.07.23 町制 平鹿郡 沼館町
56%
1924.04.01 町制 南秋田郡 大久保町
56%
1896.07.16 町制 平鹿郡 角間川町
54%
1889.04.01 町制 雄勝郡 岩崎町
52%
1902.06.14 町制 北秋田郡 米内沢町
52%
1904.12.20 町制 南秋田郡 船越町
52%
1933.08.01 町制 南秋田郡 寺内町
50%
No matching quizzes found
Score Distribution
Percent of People with Each Score
Percentile by Number Answered
Your Score History
You have not taken this quiz